| 000 | 00409cam a2200181 4500 | ||
|---|---|---|---|
| 001 | D13348 | ||
| 008 | 090401t1964 xxu||||| |||| 00| 0 eng d | ||
| 035 | _a(Sirsi) u9142 | ||
| 041 | _aeng | ||
| 100 | _aMackie, J.B. | ||
| 245 | 4 | _aThe elements fo astronomy for surveyors | |
| 250 | _a6th | ||
| 260 |
_aLondon _bGriffin _c1964 |
||
| 350 | _a0 | ||
| 520 | _aShelf 118 | ||
| 942 | _n0 | ||
| 948 | _c04/03/1997 | ||
| 999 |
_c86607 _d86607 |
||